Geografia: 11º ano

Gespeichert in:
Bibliographische Detailangaben
1. Verfasser: Barata, Isabel
Weitere Verfasser: Cavaco, Carminda Moreira, Joana Rodrigues, Arinda
Format: keine Angabe
Sprache:Portugiesisch
Erschienen: Cacém Texto 2001
Ausgabe:1ª ed.
Katalog:MANES:  Suchergebnis im Bibliothekskatalog
Schulbuchspezifische Eigenschaften:
Tags: Tag hinzufügen
Keine Tags, Fügen Sie den ersten Tag hinzu!
Hinzugefügt zu:26.04.2016
Geändert in:25.04.2025

MARC

LEADER 000000000a22000000004500
001 32906
003 OSt
005 20250425111636.0
008 160427s2001 po 00| 0 por d
041 |a por 
043 |a Portugal 
561 |5 pt-BNP  |a Portugal. Biblioteca Nacional de Portugal  |k MANES 
691 |a SE 
100 1 |a Barata, Isabel  |9 14966 
700 1 |a Cavaco, Carminda  |9 14903  |a Moreira, Joana  |9 17168  |a Rodrigues, Arinda  |9 14906 
245 0 0 |a Geografia: 11º ano 
250 |a 1ª ed. 
260 3 |a Cacém  |b Texto  |c 2001 
300 |a 255, [1] p.;  |c 27 cm 
690 |a GEO 
942 |2 ddc  |c BK 
546 |a Portugal 
999 |c 36744  |d 36744 
999 |c manes:36744  |d 36744